<?xml version="1.0" encoding="UTF-8"?>
<record
    xmlns:xsi="http://www.w3.org/2001/XMLSchema-instance"
    xsi:schemaLocation="http://www.loc.gov/MARC21/slim http://www.loc.gov/standards/marcxml/schema/MARC21slim.xsd"
    xmlns="http://www.loc.gov/MARC21/slim">

  <leader>00808nam a2200193Ia 4500</leader>
  <controlfield tag="008">151121s9999||||xx |||||||||||||| ||und||</controlfield>
  <datafield tag="082" ind1=" " ind2=" ">
    <subfield code="a">500/&#x936;&#x94D;&#x92F;&#x93E;&#x92E;</subfield>
  </datafield>
  <datafield tag="082" ind1=" " ind2=" ">
    <subfield code="b">HNW-18715</subfield>
  </datafield>
  <datafield tag="100" ind1=" " ind2=" ">
    <subfield code="a">"&#x936;&#x94D;&#x92F;&#x93E;&#x92E;&#x938;&#x941;&#x902;&#x926;&#x930;&#x926;&#x93E;&#x938;, &#x92C;&#x921;&#x93C;&#x925;&#x94D;&#x935;&#x93E;&#x932; &#x92A;&#x940;&#x924;&#x93E;&#x902;&#x92C;&#x930;&#x926;&#x924;&#x94D;&#x924;"</subfield>
  </datafield>
  <datafield tag="245" ind1=" " ind2=" ">
    <subfield code="a">&#x930;&#x941;&#x92A;&#x915;-&#x930;&#x939;&#x938;&#x94D;&#x92F;</subfield>
  </datafield>
  <datafield tag="260" ind1=" " ind2=" ">
    <subfield code="b">"&#x907;&#x902;&#x921;&#x93F;&#x92F;&#x928; &#x92A;&#x94D;&#x930;&#x947;&#x938;, &#x932;&#x93F;&#x964; , &#x92A;&#x94D;&#x930;&#x92F;&#x93E;&#x917;"</subfield>
  </datafield>
  <datafield tag="260" ind1=" " ind2=" ">
    <subfield code="c">--</subfield>
  </datafield>
  <datafield tag="300" ind1=" " ind2=" ">
    <subfield code="a">240</subfield>
  </datafield>
  <datafield tag="600" ind1=" " ind2=" ">
    <subfield code="a">"&#x936;&#x94D;&#x92F;&#x93E;&#x92E;&#x938;&#x941;&#x902;&#x926;&#x930;&#x926;&#x93E;&#x938;, &#x92C;&#x921;&#x93C;&#x925;&#x94D;&#x935;&#x93E;&#x932; &#x92A;&#x940;&#x924;&#x93E;&#x902;&#x92C;&#x930;&#x926;&#x924;&#x94D;&#x924;"</subfield>
  </datafield>
  <datafield tag="630" ind1=" " ind2=" ">
    <subfield code="a">&#x930;&#x941;&#x92A;&#x915;-&#x930;&#x939;&#x938;&#x94D;&#x92F;</subfield>
  </datafield>
  <datafield tag="700" ind1=" " ind2=" ">
    <subfield code="a">"&#x936;&#x94D;&#x92F;&#x93E;&#x92E;&#x938;&#x941;&#x902;&#x926;&#x930;&#x926;&#x93E;&#x938;, &#x92C;&#x921;&#x93C;&#x925;&#x94D;&#x935;&#x93E;&#x932; &#x92A;&#x940;&#x924;&#x93E;&#x902;&#x92C;&#x930;&#x926;&#x924;&#x94D;&#x924;"</subfield>
  </datafield>
  <datafield tag="730" ind1=" " ind2=" ">
    <subfield code="a">&#x930;&#x941;&#x92A;&#x915;-&#x930;&#x939;&#x938;&#x94D;&#x92F;</subfield>
  </datafield>
  <datafield tag="942" ind1=" " ind2=" ">
    <subfield code="c">BOOK</subfield>
  </datafield>
  <datafield tag="999" ind1=" " ind2=" ">
    <subfield code="c">1220543</subfield>
    <subfield code="d">1220540</subfield>
  </datafield>
  <datafield tag="952" ind1=" " ind2=" ">
    <subfield code="0">0</subfield>
    <subfield code="1">0</subfield>
    <subfield code="4">0</subfield>
    <subfield code="7">0</subfield>
    <subfield code="a">HNW</subfield>
    <subfield code="b">HNW</subfield>
    <subfield code="d">2015-11-21</subfield>
    <subfield code="g">2.00</subfield>
    <subfield code="l">0</subfield>
    <subfield code="o">HNW-18715</subfield>
    <subfield code="p">HNW-18715</subfield>
    <subfield code="r">2015-11-21 00:00:00</subfield>
    <subfield code="v">2.00</subfield>
    <subfield code="w">2015-11-21</subfield>
    <subfield code="y">BOOK</subfield>
  </datafield>
</record>
